000 00381nam a2200145 i 4500
001 bg
100 1 _aSCHMOLL, Georg
245 0 _aMethodik des Recherchierens und Recherchemittel /
_cGeorg Schmoll.
250 _a2 erweiterte und verbesserte Auflage.
260 _aLeipzig,
_c1967.
040 _cBPK
041 _apol
942 _cKS
008 s pl f |000 0 pol
999 _c13291
_d13291
856 _uhttp://koha.tu.koszalin.pl/cgi-bin/koha/opac-detail.pl?biblionumber=13291
_yKatalog online BPK